| 000 | 01193nam a2200313 4500 | ||
|---|---|---|---|
| 001 | 113714 | ||
| 003 | DR-UNIBE | ||
| 005 | 20250530111452.0 | ||
| 008 | 250530b2004 dr ||||| |||| 00| 0 spa d | ||
| 020 | _a9945000292 | ||
| 040 |
_aBIBLIOTECA UNIBE _cBIBLIOTECA UNIBE _bspa _erda |
||
| 041 | _aspa | ||
| 082 | _aRD 345.72930527 P328p | ||
| 100 | 1 |
_aPaulino Baldera, Cristian de Jesús _eautor _9194006 |
|
| 245 | 1 | 3 |
_aLa prisión preventiva en el nuevo proceso penal : _b(ley, doctrina y jurisprudencia) / _cCristian de Jesús Paulino Baldera |
| 260 |
_aSanto Domingo : _bEditora Centenario, _c2004 |
||
| 300 | _a235 páginas | ||
| 650 | 7 |
_2lemb _aCoacción (Derecho) _zRepública Dominicana _9196069 |
|
| 650 | 7 |
_2lemb _aDetención preventiva _zRepública Dominicana _9196070 |
|
| 650 | 7 |
_2lemb _aProcedimiento penal _zRepública Dominicana _915663 |
|
| 650 | 7 |
_2lemb _aProceso penal |
|
| 650 | 7 |
_2lemb _aJurisprudencia penal _950252 |
|
| 650 | 7 |
_2lemb _aAdministración de justicia penal |
|
| 650 | 7 |
_2lemb _aDerecho penal |
|
| 650 | 7 |
_2lemb _aMedidas cautelares |
|
| 650 | 7 |
_2lemb _aRecursos provisionales _929411 |
|
| 700 | 1 |
_aRomán Pérez, Teresa _ediagramador _9196066 |
|
| 942 |
_2ddc _cBK |
||
| 999 |
_c113714 _d113714 |
||